000 00791nam a2200229 a 4500
005 20230923063614.0
008 011115s1999 mx r 000 0 spa d
020 _a9683102921
035 _aUPN01000113928
049 _aC
050 4 _aPM4461
_bD5.3
245 0 0 _aDiccionario tezeltal de Bachajón, Chiapas /
_ccomps. Marianna C. Slocum, Florencia L. Gerdel, Manuel Cruz Aguilar
250 _a2a ed.
260 _aMéxico :
_bILVAC,
_c1999.
300 _axxii, 336 p. :
_eil.
440 0 _aSerie de vocabularios y diccionarios indígenas Mariano Silva y Aceves ;
_v40
650 4 _aTZELTAL -
_vDICCIONARIOS
650 4 _aIndígenas de México
_zChiapas
_xLenguas
_926832
700 1 _aSlocum, Marianna C.,
_ecomp.
710 2 _aInstituto Lingüístico de Verano
_928045
905 _aLibro
999 _c87836
_d87836